000 00461nam a2200193Ia 4500
005 20240823061558.0
008 240823s9999||||xx |||||||||||||| ||und||
041 _aENGLISH
082 _A813.54 P9
100 _aPrabhu K M
245 0 _aReality and Reflections
250 _a1st
260 _c2009
_bHigginbothams Privat
500 _aTRANSFERED
650 _areality and Reflections
_bEnglish
700 _aRevathi K
942 _cBK
999 _c233858
_d233858